[Event "HEM A-Turnier"]
[Site "Frankfurt-Zeilsheim"]
[Date "2018.??.??"]
[Round "3.15"]
[White "Hemmerich, Luca"]
[Black "Dios, Erwin Michael"]
[Result "0-1"]
[WhiteElo "1896"]
[BlackElo "2020"]
[PlyCount "68"]
[EventDate "2018.??.??"]
[EventType "swiss"]
[EventRounds "7"]
[EventCountry "GER"]
[WhiteTeam "SC Tornado Wuppertal"]
[BlackTeam "SK Gießen"]

1. d4 g6 2. c4 Bg7 3. Nc3 c5 4. d5 d6 5. e4 Nf6 6. f4 O-O 7. Nf3 e6 8. Be2 exd5
9. cxd5 a6 10. a4 Re8 11. Nd2 Nbd7 12. O-O Qc7 13. Qc2 Rb8 14. a5 b5 15. axb6
Nxb6 16. Nc4 Nxc4 17. Bxc4 Rb4 18. Qd3 Ng4 19. e5 Bf5 20. Qe2 dxe5 21. Rxa6 e4
22. d6 Bd4+ 23. Kh1 Qd8 24. Ra7 Rf8 25. Nd5 Rxc4 26. Qxc4 Qh4 27. h3 Qg3 28.
Ne7+ Kg7 29. Qxd4+ cxd4 30. hxg4 Bxg4 31. b4 e3 32. Bb2 e2 33. Bxd4+ Kh6 34.
Rg1 Qh4# 0-1

[Event "HEM A-Turnier"]
[Site "Frankfurt-Zeilsheim"]
[Date "2018.??.??"]
[Round "3.16"]
[White "Jayakumar, Nivesh"]
[Black "Rutsatz, Mario"]
[Result "0-1"]
[WhiteElo "1687"]
[BlackElo "1997"]
[PlyCount "78"]
[EventDate "2018.??.??"]
[EventType "swiss"]
[EventRounds "7"]
[EventCountry "GER"]
[WhiteTeam "SV Ffm-Griesheim"]
[BlackTeam "SF Frankfurt"]

1. d4 Nf6 2. Bf4 d5 3. e3 c5 4. Nf3 Nc6 5. c3 cxd4 6. exd4 Bg4 7. Bd3 e6 8.
Nbd2 Bd6 9. Bg3 O-O 10. Qc2 Rc8 11. a3 Qc7 12. Bh4 Ne4 13. Bxe4 dxe4 14. Qxe4
Bf5 15. Qe2 e5 16. d5 e4 17. Ng5 e3 18. fxe3 Ne5 19. e4 Bg4 20. Ngf3 Ng6 21.
Qf2 Nf4 22. Qf1 Qb6 23. Bf2 Qxb2 24. Rd1 Nxd5 25. Qd3 Nxc3 26. Bd4 Qxa3 27. O-O
Nxd1 28. Nb3 Nb2 29. Qe3 Bxf3 30. Bxg7 Bc5 31. Bd4 Bxd4 32. Qxd4 Qxb3 33. Qf6
Qe3+ 34. Kh1 Bxg2+ 35. Kxg2 Qxe4+ 36. Rf3 Rc2+ 37. Kg1 Qe1+ 38. Rf1 Qe6 39. Qf4
Qg6+ 0-1

[Event "HEM A-Turnier"]
[Site "Frankfurt-Zeilsheim"]
[Date "2018.??.??"]
[Round "3.17"]
[White "Philipp, Jan"]
[Black "Krueger, Till"]
[Result "1/2-1/2"]
[WhiteElo "1787"]
[BlackElo "1989"]
[PlyCount "109"]
[EventDate "2018.??.??"]
[EventType "swiss"]
[EventRounds "7"]
[EventCountry "GER"]
[WhiteTeam "SC Frankfurt-West"]
[BlackTeam "SC Nidderau"]

1. e4 d6 2. f4 e5 3. Nf3 Nf6 4. Bc4 Nc6 5. O-O Be7 6. d3 O-O 7. f5 Na5 8. Nbd2
c6 9. Qe2 b5 10. Bb3 Nxb3 11. axb3 Re8 12. Ng5 h6 13. Nh3 d5 14. Kh1 dxe4 15.
Nxe4 c5 16. Be3 Qd5 17. Qf3 Bb7 18. Nxf6+ Bxf6 19. Qg3 Kh7 20. Nf2 a5 21. Ng4
Ra6 22. Qh3 Rh8 23. Rf3 e4 24. dxe4 Qxe4 25. Nxh6 Qh4 26. Qxh4 Bxh4 27. Rh3
gxh6 28. Rxh4 Rg8 29. Rg1 Rd6 30. h3 Re8 31. Bc1 Re2 32. c3 Bxg2+ 33. Rxg2 Re1+
34. Kh2 Rxc1 35. Rhg4 Rd8 36. Rg7+ Kh8 37. Rxf7 Rg8 38. Re2 Rcg1 39. Rc7 c4 40.
bxc4 bxc4 41. Rxc4 Rf1 42. Rc5 a4 43. Ra5 Rf4 44. Ra6 Rxf5 45. Rxa4 Rgf8 46.
Rae4 Kg7 47. c4 Rf2+ 48. Kg1 Rf1+ 49. Kg2 Rc1 50. b3 Rb1 51. Rg4+ Kh8 52. Re3
Rb2+ 53. Kh1 Rf1+ 54. Rg1 Rff2 55. Re8+ 1/2-1/2

[Event "HEM A-Turnier"]
[Site "Frankfurt-Zeilsheim"]
[Date "2018.??.??"]
[Round "3.18"]
[White "Bakiev, Diyor"]
[Black "Romero Flores, Antonio Cesar Feli"]
[Result "1-0"]
[WhiteElo "1752"]
[BlackElo "1964"]
[Annotator "Lotz,Kolja Alecsander"]
[PlyCount "65"]
[EventDate "2018.??.??"]
[EventType "swiss"]
[EventRounds "7"]
[EventCountry "GER"]
[WhiteTeam "SV Ffm-Griesheim"]
[BlackTeam "VSG Offenbach"]

1. e4 c5 2. c3 d5 3. exd5 Qxd5 4. d4 Nf6 5. Nf3 e6 6. Bb5+ Nc6 7. Bxc6+ Qxc6 8.
O-O Be7 9. Ne5 Qc7 10. Bf4 Bd6 11. Na3 Qe7 12. Nb5 Bb8 13. Re1 a6 14. Na3 O-O
15. Bg5 h6 16. Bh4 cxd4 17. cxd4 g5 18. Bg3 Kg7 19. f4 Nd5 20. Qf3 f6 21. Nd3
Qf7 22. fxg5 hxg5 23. Bxb8 Rxb8 24. Nc4 Rd8 25. Qg3 Qc7 26. Rac1 Qxg3 27. hxg3
Kf7 28. Rcd1 b6 29. Kf2 Ne7 30. Nb4 a5 31. Nc2 Ba6 32. N4e3 Rbc8 33. Rc1 $138
1-0

[Event "HEM A-Turnier"]
[Site "Frankfurt-Zeilsheim"]
[Date "2018.??.??"]
[Round "3.19"]
[White "Bethke, Robert"]
[Black "Wolff, Peter"]
[Result "1-0"]
[WhiteElo "1894"]
[BlackElo "1917"]
[PlyCount "79"]
[EventDate "2018.??.??"]
[EventType "swiss"]
[EventRounds "7"]
[EventCountry "GER"]
[WhiteTeam "SF Neuberg"]
[BlackTeam "VSG Offenbach"]

1. d4 d5 2. Bf4 Nf6 3. Nf3 c5 4. e3 Nc6 5. c3 e6 6. Nbd2 Be7 7. Bd3 cxd4 8.
exd4 Nh5 9. Bg3 Nxg3 10. hxg3 g6 11. Qc2 Bd7 12. Ne5 Nxe5 13. dxe5 Qb6 14. Nf3
Bb5 15. Bxb5+ Qxb5 16. Nd4 Qa6 17. Qb3 O-O-O 18. O-O-O Kb8 19. Rh3 Rc8 20. g4
Bg5+ 21. Kb1 Rc4 22. Rf3 Rf8 23. g3 Be7 24. Rfd3 Bc5 25. f4 Bxd4 26. Rxd4 Rfc8
27. R4d2 R8c6 28. Rh1 Rb6 29. Qc2 Qa3 30. Ka1 Qc5 31. Rxh7 Qg1+ 32. Rd1 Qxg3
33. Rxf7 Qxg4 34. Rh1 a6 35. Qf2 Rbc6 36. a3 Rc8 37. Qb6 R4c7 38. Rxc7 Rxc7 39.
Rh8+ Rc8 40. Qd6+ 1-0

[Event "HEM A-Turnier"]
[Site "Frankfurt-Zeilsheim"]
[Date "2018.??.??"]
[Round "3.20"]
[White "Schimmer, Michael"]
[Black "Weil, Michael"]
[Result "0-1"]
[WhiteElo "1830"]
[BlackElo "1957"]
[PlyCount "152"]
[EventDate "2018.??.??"]
[EventType "swiss"]
[EventRounds "7"]
[EventCountry "GER"]
[WhiteTeam "SC Frankfurt-West"]
[BlackTeam "SC Steinbach"]

1. e4 Nf6 2. e5 Nd5 3. c4 Nb6 4. d4 d6 5. exd6 exd6 6. Nc3 Nc6 7. d5 Ne5 8. f4
Ng4 9. Nf3 Be7 10. Be2 O-O 11. O-O f5 12. Nd4 Nh6 13. Be3 Bf6 14. b3 Re8 15.
Qd2 Bd7 16. a4 a5 17. Rae1 g6 18. Kh1 Bg7 19. Bf3 Ng4 20. Bg1 Qf6 21. Ncb5 Rac8
22. Rxe8+ Bxe8 23. Ne6 Bxb5 24. axb5 Qc3 25. Qxc3 Bxc3 26. h3 Nf6 27. Rc1 Bd2
28. Rc2 Bb4 29. Re2 h6 30. g4 fxg4 31. hxg4 Ne8 32. Nxc7 Nxc7 33. Bxb6 Ne8 34.
Re6 Kf7 35. Be4 Nf6 36. Bf3 a4 37. Bd4 Nd7 38. f5 axb3 39. fxg6+ Kf8 40. g7+
Kf7 41. Be4 Ne5 42. Bf5 Rg8 43. Bxe5 dxe5 44. d6 Rxg7 45. d7 Ba5 46. Rxe5 Kf6
47. Re8 b2 48. d8=Q+ Bxd8 49. Rxd8 Rxg4 50. Bb1 Rxc4 51. Kg2 Rc1 52. Rf8+ Ke5
53. Rf1 Kd4 54. Rf4+ Kc5 55. Rf5+ Kb4 56. Rf4+ Kxb5 57. Bd3+ Kc5 58. Rh4 b1=Q
59. Bxb1 Rxb1 60. Rxh6 Re1 61. Kf2 Re7 62. Rh8 b5 63. Rh5+ Kc4 64. Rh4+ Kb3 65.
Rh3+ Ka4 66. Rh8 b4 67. Ra8+ Kb3 68. Rb8 Kc3 69. Rc8+ Kb2 70. Rb8 b3 71. Rh8
Kc2 72. Rc8+ Kb1 73. Rb8 b2 74. Rh8 Rc7 75. Ke3 Kc2 76. Rh2+ Kb3 0-1

[Event "HEM A-Turnier"]
[Site "Frankfurt-Zeilsheim"]
[Date "2018.??.??"]
[Round "3.21"]
[White "Scallan, Fiachra"]
[Black "Haack, Kevin"]
[Result "1-0"]
[WhiteElo "1949"]
[BlackElo "1846"]
[PlyCount "53"]
[EventDate "2018.??.??"]
[EventType "swiss"]
[EventRounds "7"]
[EventCountry "GER"]
[BlackTeam "SC Bad Soden"]

1. e4 c5 2. Nf3 d6 3. Bb5+ Bd7 4. Bxd7+ Qxd7 5. c4 g6 6. d4 cxd4 7. Nxd4 Bg7 8.
Nc3 Nc6 9. Be3 Nf6 10. f3 O-O 11. O-O Ne5 12. b3 Rfc8 13. Qd2 a6 14. Rac1 Rab8
15. Rfd1 b6 16. Bh6 Bh8 17. Bg5 b5 18. cxb5 axb5 19. Ndxb5 Rxb5 20. Nxb5 Rxc1
21. Rxc1 Qxb5 22. Rc8+ Ne8 23. Qd5 Qa6 24. Rxe8+ Kg7 25. Qa8 Qb6+ 26. Kh1 f6
27. Rxh8 1-0

[Event "HEM A-Turnier"]
[Site "Frankfurt-Zeilsheim"]
[Date "2018.??.??"]
[Round "3.22"]
[White "Froehlich Dill, Astrid"]
[Black "Calvi, Stefan"]
[Result "0-1"]
[WhiteElo "1866"]
[BlackElo "2050"]
[PlyCount "86"]
[EventDate "2018.??.??"]
[EventType "swiss"]
[EventRounds "7"]
[EventCountry "GER"]
[WhiteTeam "SV Hofheim"]
[BlackTeam "SF Frankfurt"]

1. d4 Nf6 2. c4 g6 3. Nc3 Bg7 4. e4 d6 5. Nf3 O-O 6. Be2 c5 7. d5 e6 8. O-O
exd5 9. cxd5 Re8 10. Qc2 a6 11. a4 Bg4 12. Be3 Nbd7 13. h3 Bxf3 14. Bxf3 Rb8
15. Be2 Qe7 16. f3 Nh5 17. Qd2 Ng3 18. Rfe1 Nxe2+ 19. Rxe2 b5 20. axb5 axb5 21.
Ra5 b4 22. Na4 Ra8 23. Rxa8 Rxa8 24. b3 Ne5 25. Qc2 Qb7 26. f4 Rxa4 27. bxa4 b3
28. Qb1 Nc4 29. Bf2 Na3 30. Qd3 c4 31. Qe3 Nc2 32. Qc1 b2 33. Qb1 Na3 34. Rxb2
Bxb2 35. Qa2 Qb3 36. Qxb3 cxb3 37. e5 dxe5 38. d6 Kf8 39. fxe5 Ke8 40. Bc5 Nc4
41. a5 Nxa5 42. Kf1 Bxe5 43. Ke2 b2 0-1

[Event "HEM A-Turnier"]
[Site "Frankfurt-Zeilsheim"]
[Date "2018.??.??"]
[Round "3.23"]
[White "Feicht, Arno"]
[Black "Kuhn, Luis"]
[Result "0-1"]
[WhiteElo "1929"]
[BlackElo "1974"]
[PlyCount "70"]
[EventDate "2018.??.??"]
[EventType "swiss"]
[EventRounds "7"]
[EventCountry "GER"]
[WhiteTeam "SV Alsfeld"]
[BlackTeam "SC Flörsheim"]

1. e4 e5 2. f4 exf4 3. Nf3 Ne7 4. d4 d5 5. Nc3 dxe4 6. Nxe4 Nd5 7. Bc4 Be7 8.
O-O O-O 9. Bb3 Nc6 10. c4 Ne3 11. Bxe3 fxe3 12. d5 Bf5 13. Ng3 Bc5 14. Kh1 Ne7
15. Nxf5 Nxf5 16. Bc2 Nh4 17. Qd3 Ng6 18. Rae1 a5 19. h4 f5 20. g3 Qd6 21. Kg2
Rae8 22. a3 Re4 23. Kh3 Rg4 24. Rg1 Rxg3+ 25. Rxg3 Nf4+ 26. Kh2 Nxd3 27. Bxd3
Qf4 28. Kg2 Bd6 29. Rg5 Rf6 30. Rg1 h6 31. c5 hxg5 32. cxd6 Qg4+ 33. Kh2 Qxf3
34. dxc7 Qf4+ 35. Kg2 Qg4+ 0-1

[Event "HEM A-Turnier"]
[Site "Frankfurt-Zeilsheim"]
[Date "2018.??.??"]
[Round "3.24"]
[White "Vega Lopez de Nava, Cesar Octavi"]
[Black "Kempf, Alexander"]
[Result "0-1"]
[WhiteElo "1949"]
[BlackElo "1862"]
[PlyCount "96"]
[EventDate "2018.??.??"]
[EventType "swiss"]
[EventRounds "7"]
[EventCountry "GER"]
[WhiteTeam "SC Flörsheim"]
[BlackTeam "1. Hainstadter SC"]

1. e4 c5 2. Nf3 Nc6 3. Bb5 a6 4. Bxc6 dxc6 5. h3 e5 6. d3 Bd6 7. Nc3 Nf6 8. O-O
Be6 9. b3 h6 10. Qe2 Bc7 11. Na4 b6 12. Nb2 g5 13. Nh2 Qd7 14. Be3 g4 15. h4
O-O-O 16. a4 a5 17. Rfd1 g3 18. fxg3 Rdg8 19. Bf2 Ng4 20. Nf1 Rg7 21. Ne3 Rhg8
22. Be1 Qd4 23. Bf2 Qxb2 24. Rdb1 Qd4 25. Nf5 Qxf2+ 26. Qxf2 Nxf2 27. Nxg7 Rxg7
28. Kxf2 f5 29. Re1 fxe4 30. dxe4 Bg4 31. Re3 Rd7 32. Rd3 b5 33. Ke3 c4 34.
bxc4 Bb6+ 35. Kd2 Bd4 36. c3 bxc4 37. cxd4 cxd3 38. dxe5 Kc7 39. Rf1 c5 40. Rf4
h5 41. Rf1 c4 42. Rc1 Be6 43. Rf1 Kd8 44. Kc3 Bg4 45. e6 Bxe6 46. Kd2 Bg4 47.
Rf8+ Kc7 48. Ra8 Kb7 0-1

[Event "HEM A-Turnier"]
[Site "Frankfurt-Zeilsheim"]
[Date "2018.??.??"]
[Round "4.1"]
[White "Bajorski, Marius"]
[Black "Leidorf, Sebastian"]
[Result "1/2-1/2"]
[WhiteElo "1911"]
[BlackElo "2100"]
[PlyCount "73"]
[EventDate "2018.??.??"]
[EventType "swiss"]
[EventRounds "7"]
[EventCountry "GER"]
[WhiteTeam "SV Hofheim"]
[BlackTeam "SV Bergwinkel"]

1. e4 e6 2. d4 d5 3. Nd2 Nf6 4. e5 Nfd7 5. Bd3 c5 6. c3 Nc6 7. Ne2 cxd4 8. cxd4
f6 9. exf6 Nxf6 10. Nf3 Bd6 11. O-O Qc7 12. Bg5 O-O 13. Rc1 Ng4 14. h3 Rxf3 15.
hxg4 Rf8 16. Be3 Qe7 17. g3 e5 18. dxe5 Nxe5 19. Bf5 Bxf5 20. gxf5 Nf3+ 21. Kh1
Rxf5 22. Nf4 Qe4 23. Qc2 Qxc2 24. Rxc2 d4 25. Bc1 Bxf4 26. Bxf4 g5 27. Kg2 g4
28. Rh1 Rf7 29. Rc5 Rd8 30. Bg5 Nxg5 31. Rxg5+ Rg7 32. Re5 d3 33. Rhe1 Rd6 34.
Kf1 Rc7 35. Rg5+ Rg7 36. Rge5 Rc7 37. Rg5+ 1/2-1/2

[Event "HEM A-Turnier"]
[Site "Frankfurt-Zeilsheim"]
[Date "2018.??.??"]
[Round "4.2"]
[White "Leimeister, Erhard"]
[Black "Will, Dominik"]
[Result "1/2-1/2"]
[WhiteElo "2214"]
[BlackElo "2135"]
[PlyCount "48"]
[EventDate "2018.??.??"]
[EventType "swiss"]
[EventRounds "7"]
[EventCountry "GER"]
[WhiteTeam "SC Eschborn"]
[BlackTeam "SC Bad Nauheim"]

1. f4 c5 2. Nf3 g6 3. d3 Bg7 4. e4 Nc6 5. Be2 e6 6. O-O Nge7 7. c3 d5 8. a4 b6
9. Na3 Bb7 10. e5 d4 11. Nb5 Nc8 12. Ng5 a6 13. Na3 b5 14. Ne4 Qb6 15. c4 b4
16. Nb1 N6e7 17. Bf3 Rb8 18. a5 Qc7 19. Nbd2 Nf5 20. Nb3 Bxe4 21. Bxe4 h5 22.
Qf3 Nce7 23. Bd2 Kd7 24. g3 g5 1/2-1/2

[Event "HEM A-Turnier"]
[Site "Frankfurt-Zeilsheim"]
[Date "2018.??.??"]
[Round "4.3"]
[White "Dios, Erwin Michael"]
[Black "Meyer, Kai Christian"]
[Result "0-1"]
[WhiteElo "2020"]
[BlackElo "2203"]
[PlyCount "116"]
[EventDate "2018.??.??"]
[EventType "swiss"]
[EventRounds "7"]
[EventCountry "GER"]
[WhiteTeam "SK Gießen"]
[BlackTeam "SF Schöneck"]

1. g3 Nf6 2. Bg2 g6 3. c4 Bg7 4. Nc3 O-O 5. d4 d6 6. Nf3 Nc6 7. d5 Nb8 8. O-O
e6 9. Bg5 exd5 10. Nxd5 Nbd7 11. Nd4 h6 12. Bxf6 Nxf6 13. Nxf6+ Bxf6 14. Qd2 a5
15. Rad1 a4 16. Nb5 Qe7 17. Rfe1 h5 18. Nc3 Qe5 19. Nd5 Bd8 20. f4 Qh8 21. Qc3
Qxc3 22. Nxc3 h4 23. Rd3 Re8 24. e4 Ra5 25. Nd5 b5 26. cxb5 Rxb5 27. b3 axb3
28. axb3 hxg3 29. hxg3 Bb7 30. Ra1 Kg7 31. Bf3 Bxd5 32. exd5 Bf6 33. Rc1 Re7
34. Kf2 Rb4 35. Rc4 Rb7 36. Re4 Rxe4 37. Bxe4 Bb2 38. Bf3 Ba3 39. Bd1 Bc5+ 40.
Kf3 Ra7 41. Rd2 Ra1 42. Be2 Rc1 43. Bc4 Rc3+ 44. Kg2 Kf6 45. Kh3 Kf5 46. Bd3+
Kf6 47. Bc4 Ba3 48. Rd3 Rc2 49. Rf3 Bc5 50. g4 g5 51. fxg5+ Kg7 52. Rd3 Bb4 53.
Re3 Bd2 54. Re2 Rc3+ 55. Kh4 Bf4 56. Re4 Be5 57. g6 f6 58. g5 f5 0-1

[Event "HEM A-Turnier"]
[Site "Frankfurt-Zeilsheim"]
[Date "2018.??.??"]
[Round "4.4"]
[White "Flach, Erich"]
[Black "Thomas, Norbert"]
[Result "1-0"]
[WhiteElo "2127"]
[BlackElo "2017"]
[PlyCount "43"]
[EventDate "2018.??.??"]
[EventType "swiss"]
[EventRounds "7"]
[EventCountry "GER"]
[WhiteTeam "SK Langen"]
[BlackTeam "SC Frankfurt-West"]

1. d4 d6 2. c4 e5 3. Nf3 e4 4. Ng5 f5 5. g3 Be7 6. Nh3 Nf6 7. Nc3 c6 8. Bg2 Na6
9. f3 d5 10. cxd5 cxd5 11. Qb3 Nc7 12. Bf4 Ne6 13. Be5 O-O 14. O-O Qd7 15. fxe4
fxe4 16. Nf4 Nxf4 17. Rxf4 Kh8 18. Raf1 b6 19. Nxd5 Bb7 20. Nxf6 gxf6 21. Rxf6
Bxf6 22. Rxf6 1-0

[Event "HEM A-Turnier"]
[Site "Frankfurt-Zeilsheim"]
[Date "2018.??.??"]
[Round "4.5"]
[White "Keuth, Gerd Erich"]
[Black "Gries, Volker"]
[Result "1/2-1/2"]
[WhiteElo "1999"]
[BlackElo "2084"]
[PlyCount "56"]
[EventDate "2018.??.??"]
[EventType "swiss"]
[EventRounds "7"]
[EventCountry "GER"]
[WhiteTeam "SK Herborn"]
[BlackTeam "SV Oberursel"]

1. c4 e5 2. Nc3 Bb4 3. Nd5 Bc5 4. b4 Bd4 5. Rb1 c6 6. Nc3 Nf6 7. e3 Bxc3 8.
dxc3 d5 9. cxd5 Qxd5 10. Qxd5 cxd5 11. Nf3 Bf5 12. Rb2 Nbd7 13. Bb5 O-O 14. O-O
Rac8 15. Bd2 a6 16. Be2 Ne4 17. Rc1 Be6 18. Be1 f6 19. Bd3 Nd6 20. Nd2 Nb6 21.
Nb3 Na4 22. Rbc2 Rc7 23. Na5 Rfc8 24. f3 Nb6 25. Kf2 Nbc4 26. Nxc4 Nxc4 27. a4
g6 28. g3 Kf7 1/2-1/2

[Event "HEM A-Turnier"]
[Site "Frankfurt-Zeilsheim"]
[Date "2018.??.??"]
[Round "4.6"]
[White "Rolf, Marco"]
[Black "Waffenschmidt, Joachim"]
[Result "1-0"]
[WhiteElo "2069"]
[BlackElo "1995"]
[PlyCount "117"]
[EventDate "2018.??.??"]
[EventType "swiss"]
[EventRounds "7"]
[EventCountry "GER"]
[WhiteTeam "SK Gernsheim"]
[BlackTeam "SC Brett vorm Kopp"]

1. d4 d5 2. c4 c6 3. Nf3 Nf6 4. Nc3 dxc4 5. a4 Bf5 6. e3 e6 7. Bxc4 Bb4 8. O-O
Nbd7 9. Qe2 Bg6 10. Rd1 O-O 11. Bd2 a5 12. Bd3 Bxd3 13. Qxd3 Qe7 14. e4 e5 15.
d5 Rfd8 16. dxc6 bxc6 17. Bg5 Nc5 18. Qc4 Rxd1+ 19. Rxd1 Rd8 20. Rxd8+ Qxd8 21.
h3 Qd3 22. Nxe5 Qxc4 23. Nxc4 Nfxe4 24. Nxe4 Nxe4 25. Bd8 Nc5 26. Bxa5 Bxa5 27.
Nxa5 Nxa4 28. b3 Nc5 29. b4 Na6 30. Nxc6 f6 31. f4 Kf7 32. Kf2 Ke6 33. b5 Nc5
34. Ke3 Kd5 35. Nd8 Nd7 36. f5 g6 37. Kf4 Kc5 38. Ke4 Ne5 39. Ne6+ Kxb5 40. Nf8
gxf5+ 41. Kxf5 Nc4 42. Kxf6 h5 43. Ng6 Ne3 44. Nf4 Kc4 45. Kg5 Kd4 46. Kxh5 Ke4
47. Kg5 Nf5 48. g4 Ng3 49. h4 Ke5 50. Ng6+ Ke6 51. h5 Ne4+ 52. Kf4 Nf6 53. h6
Kf7 54. Ne5+ Kg8 55. Kf5 Nh7 56. g5 Nf8 57. g6 Kh8 58. g7+ Kh7 59. gxf8=R 1-0

[Event "HEM A-Turnier"]
[Site "Frankfurt-Zeilsheim"]
[Date "2018.??.??"]
[Round "4.7"]
[White "Rutsatz, Mario"]
[Black "Syed, Tareq"]
[Result "1/2-1/2"]
[WhiteElo "1997"]
[BlackElo "2051"]
[PlyCount "68"]
[EventDate "2018.??.??"]
[EventType "swiss"]
[EventRounds "7"]
[EventCountry "GER"]
[WhiteTeam "SF Frankfurt"]
[BlackTeam "SC Brett vorm Kopp"]

1. c4 Nf6 2. g3 d6 3. Bg2 c6 4. Nc3 e5 5. Rb1 Be7 6. Nf3 O-O 7. d3 Re8 8. O-O
a6 9. b4 b5 10. cxb5 axb5 11. a4 bxa4 12. Nxa4 Bb7 13. Bb2 Nfd7 14. Qc2 Na6 15.
Bc3 Nc7 16. e4 Nb5 17. Bb2 Bf6 18. Qb3 Nf8 19. Nc3 Ne6 20. Ne2 Qb6 21. Bc1 Ra6
22. Be3 Qc7 23. Rfd1 Rea8 24. d4 Ra3 25. Qc2 exd4 26. Nfxd4 Nexd4 27. Nxd4 Nc3
28. Rdc1 Bxd4 29. Bxd4 Nxb1 30. Rxb1 Ra2 31. Qc3 R2a3 32. Qb2 Ra2 33. Qc3 R2a3
34. Qb2 Ra2 1/2-1/2

[Event "HEM A-Turnier"]
[Site "Frankfurt-Zeilsheim"]
[Date "2018.??.??"]
[Round "4.8"]
[White "Stock, Juergen"]
[Black "Muth, Andreas"]
[Result "1-0"]
[WhiteElo "1927"]
[BlackElo "2042"]
[PlyCount "39"]
[EventDate "2018.??.??"]
[EventType "swiss"]
[EventRounds "7"]
[EventCountry "GER"]
[WhiteTeam "Sfr. Kelkheim"]
[BlackTeam "Sfr. Wieseck"]

1. d4 Nf6 2. c3 g6 3. Bg5 Bg7 4. Nd2 O-O 5. e3 d6 6. f4 Nbd7 7. Ngf3 c6 8. Bc4
Qc7 9. O-O e5 10. fxe5 dxe5 11. Bxf6 Bxf6 12. Ne4 Bg7 13. Nfg5 Nb6 14. Bxf7+
Kh8 15. Qe2 Nd5 16. Be6 Nf6 17. Bxc8 Qxc8 18. Nd6 Qc7 19. dxe5 Nd5 20. Ne6 1-0

[Event "HEM A-Turnier"]
[Site "Frankfurt-Zeilsheim"]
[Date "2018.??.??"]
[Round "4.9"]
[White "Wachsmann, Dietmar"]
[Black "Sever, Mustafa Batuhan"]
[Result "1-0"]
[WhiteElo "2026"]
[BlackElo "1960"]
[PlyCount "83"]
[EventDate "2018.??.??"]
[EventType "swiss"]
[EventRounds "7"]
[EventCountry "GER"]
[WhiteTeam "SC Groß-Umstadt"]
[BlackTeam "SV Großauheim"]

1. e4 c5 2. Nf3 e6 3. d4 cxd4 4. Nxd4 Nf6 5. Nc3 d6 6. Be3 Be7 7. f3 Nc6 8. Qd2
O-O 9. O-O-O d5 10. exd5 Nxd5 11. Nxd5 Qxd5 12. Kb1 Bf6 13. Nb3 Qe5 14. Qc1 Qc7
15. Bd3 b6 16. Bf4 e5 17. Bg5 Bxg5 18. Qxg5 Be6 19. Be4 Rac8 20. Rd2 f5 21. Bd5
Bxd5 22. Rxd5 h6 23. Qd2 Rfd8 24. Rd1 Nd4 25. Rxd8+ Rxd8 26. Qd3 Ne6 27. Qe2
Rxd1+ 28. Qxd1 Qd8 29. Kc1 Qg5+ 30. Qd2 Kf7 31. a4 Qh4 32. g3 Qxa4 33. Qd5 Kf6
34. c3 Qa6 35. Nd2 Qe2 36. Nc4 Qf1+ 37. Kc2 Qf2+ 38. Kb3 Qc5 39. Qd7 a5 40. Nd6
a4+ 41. Kc2 Ng5 42. Ne8+ 1-0

[Event "HEM A-Turnier"]
[Site "Frankfurt-Zeilsheim"]
[Date "2018.??.??"]
[Round "4.10"]
[White "Bakiev, Diyor"]
[Black "Kuerschner, Matthias"]
[Result "1/2-1/2"]
[WhiteElo "1752"]
[BlackElo "2021"]
[PlyCount "75"]
[EventDate "2018.??.??"]
[EventType "swiss"]
[EventRounds "7"]
[EventCountry "GER"]
[WhiteTeam "SV Ffm-Griesheim"]
[BlackTeam "SK Langen"]

1. e4 Nc6 2. d4 d5 3. exd5 Qxd5 4. Nf3 Bg4 5. Be2 O-O-O 6. Be3 e5 7. Nxe5 Bxe2
8. Qxe2 Nxe5 9. dxe5 Qxe5 10. O-O Bd6 11. g3 h5 12. a4 h4 13. Qf3 hxg3 14. fxg3
Bc5 15. Bxc5 Qxc5+ 16. Rf2 Nf6 17. a5 Rhe8 18. Nc3 a6 19. Qf5+ Qxf5 20. Rxf5
Rd2 21. Rf2 Rxf2 22. Kxf2 Ng4+ 23. Kg1 Re5 24. h3 Ne3 25. Re1 f6 26. Re2 Nc4
27. Rxe5 fxe5 28. Nd1 Nxa5 29. Ne3 Kd7 30. Kf2 Nc6 31. Kf3 Ke6 32. Ke4 b5 33.
Nd5 Kd6 34. c3 a5 35. Ne3 Ke6 36. Nd5 Kd6 37. Ne3 Ke6 38. Nd5 1/2-1/2

[Event "HEM A-Turnier"]
[Site "Frankfurt-Zeilsheim"]
[Date "2018.??.??"]
[Round "4.11"]
[White "Chandler, Patrick"]
[Black "Bethke, Robert"]
[Result "1-0"]
[WhiteElo "2143"]
[BlackElo "1894"]
[PlyCount "47"]
[EventDate "2018.??.??"]
[EventType "swiss"]
[EventRounds "7"]
[EventCountry "GER"]
[WhiteTeam "SC Nied"]
[BlackTeam "SF Neuberg"]

1. d4 d5 2. Bf4 Nf6 3. e3 e6 4. Nd2 Bd6 5. Bd3 b6 6. c3 Bb7 7. Qc2 c5 8. Ngf3
Nc6 9. b3 Rc8 10. Qb1 cxd4 11. cxd4 Bxf4 12. exf4 Qd6 13. g3 h6 14. h4 O-O 15.
O-O Rc7 16. Qb2 Ne7 17. Rfe1 Rfc8 18. Ne5 Rc3 19. Rad1 Nf5 20. Nb1 Rxb3 21.
Qxb3 Nxd4 22. Bh7+ Kxh7 23. Rxd4 Ne4 24. Rexe4 1-0

[Event "HEM A-Turnier"]
[Site "Frankfurt-Zeilsheim"]
[Date "2018.??.??"]
[Round "4.12"]
[White "Finke, Kai"]
[Black "Philipp, Jan"]
[Result "1-0"]
[WhiteElo "2054"]
[BlackElo "1787"]
[PlyCount "69"]
[EventDate "2018.??.??"]
[EventType "swiss"]
[EventRounds "7"]
[EventCountry "GER"]
[WhiteTeam "SG Porz"]
[BlackTeam "SC Frankfurt-West"]

1. d4 d5 2. c4 dxc4 3. Nf3 Nf6 4. e3 Bg4 5. Bxc4 e6 6. O-O Nbd7 7. Qe2 a6 8. a4
Nb6 9. Bd3 Be7 10. Rd1 O-O 11. Nc3 Nbd5 12. e4 Nb4 13. Bb1 Re8 14. Bg5 Rb8 15.
Bxf6 Bxf6 16. e5 Be7 17. Ne4 h6 18. Ng3 Bxf3 19. Qxf3 Nd5 20. Qg4 Bf8 21. h4 c6
22. Nh5 Rc8 23. Ra3 Ne7 24. Nf6+ Kh8 25. Nxe8 Qxe8 26. Qe4 Nf5 27. g4 Bxa3 28.
bxa3 g6 29. gxf5 exf5 30. Qe3 h5 31. Qh6+ Kg8 32. Ba2 Rc7 33. Qxg6+ Kf8 34.
Qh6+ Kg8 35. Kh2 1-0

[Event "HEM A-Turnier"]
[Site "Frankfurt-Zeilsheim"]
[Date "2018.??.??"]
[Round "4.13"]
[White "Fucik, Timo"]
[Black "Scallan, Fiachra"]
[Result "1/2-1/2"]
[WhiteElo "2024"]
[BlackElo "1949"]
[PlyCount "78"]
[EventDate "2018.??.??"]
[EventType "swiss"]
[EventRounds "7"]
[EventCountry "GER"]
[WhiteTeam "SK Ettlingen"]

1. d4 Nf6 2. Bg5 Ne4 3. Bf4 c5 4. f3 Nf6 5. d5 d6 6. c4 e6 7. Nc3 Nh5 8. Bg3
Nxg3 9. hxg3 exd5 10. Nxd5 Nd7 11. Qc2 Nf6 12. Nxf6+ Qxf6 13. Nh3 Bxh3 14. Rxh3
O-O-O 15. O-O-O g6 16. g4 Qf4+ 17. Kb1 Bg7 18. g3 Qg5 19. e4 h5 20. gxh5 Rxh5
21. Rd5 Qf6 22. Rhxh5 gxh5 23. Bh3+ Kc7 24. Bg2 h4 25. Rf5 Qg6 26. gxh4 Rh8 27.
Rg5 Qf6 28. e5 dxe5 29. Qe4 Qd6 30. a3 Bf6 31. Rg4 Rd8 32. f4 Qd1+ 33. Ka2 Qxg4
34. Qxb7+ Kd6 35. fxe5+ Ke6 36. Qc6+ Kxe5 37. Qxc5+ Kf4 38. Qf2+ Ke5 39. Qc5+
Kf4 1/2-1/2

[Event "HEM A-Turnier"]
[Site "Frankfurt-Zeilsheim"]
[Date "2018.??.??"]
[Round "4.14"]
[White "Krueger, Till"]
[Black "Reinecke, Katharina"]
[Result "1/2-1/2"]
[WhiteElo "1989"]
[BlackElo "1905"]
[PlyCount "64"]
[EventDate "2018.??.??"]
[EventType "swiss"]
[EventRounds "7"]
[EventCountry "GER"]
[WhiteTeam "SC Nidderau"]
[BlackTeam "SK Langen"]

1. e4 c6 2. c4 d5 3. exd5 cxd5 4. cxd5 Nf6 5. Nc3 Nxd5 6. Nf3 Nc6 7. Bb5 Nc7 8.
Bc4 Be6 9. Bxe6 Nxe6 10. O-O g6 11. Qe2 Bg7 12. d4 Nexd4 13. Nxd4 Nxd4 14. Qe4
Nc6 15. Rd1 Qc8 16. Bf4 O-O 17. Rac1 e5 18. Be3 Qe6 19. Bc5 Rfd8 20. Qf3 b6 21.
Ba3 Nd4 22. Qd3 Rd7 23. Re1 Rad8 24. Qe3 Nf5 25. Qe4 Rd4 26. Qf3 Nh4 27. Qe3
Qg4 28. Qg3 Qxg3 29. hxg3 Nf5 30. Ne4 R4d7 31. Bb4 Nd4 32. g4 h6 1/2-1/2